Score 0/16 Timer 05:00
3 Plays Today
% Correct
A main character wears a mask
96.7%
Movies set mainly on open oceans
95.4%
Mike Myers movies
93.5%
Female-led sports movies
91.7%
Movies with historical figures as characters
85.4%
Movies with amazing inventions
84.5%
Movies with secret societies
84.4%
Movies with bespectacled heroes
82%
% Correct
Features characters who are very ill
80.9%
The main characters all end up dead
77.9%
Movies set in the medieval era
76.3%
Won the Golden Raspberry for Worst Picture
72.7%
Rob Lowe movies
71.6%
Movies from 2001
69.8%
Movies about father|son relationships
68%
Movies with unnamed main characters
65.2%

You're not logged in!

Compare scores with friends on all Sporcle quizzes.
OR
Log In

Sporcle TV

Today on Sporcle TV


Watch our educational content, quiz creation guides, and fun videos on Sporcle TV.

Show Comments

Extras

Top Quizzes Today


Score Distribution

Your Account Isn't Verified!

In order to create a playlist on Sporcle, you need to verify the email address you used during registration. Go to your Sporcle Settings to finish the process.

Report this User

Report this user for behavior that violates our Community Guidelines.

Details: